| Tag |
First Indicator |
Second Indicator |
Subfields |
| LEADER |
00000cam a22000001a 4500 |
| 001 |
in00004101913 |
| 005 |
20200117091434.0 |
| 006 |
m d f |
| 007 |
cr bn mmmapmmp |
| 008 |
091028s2009 dcuab o f000 0 eng d |
| 035 |
|
|
|a chdc201000011
|
| 040 |
|
|
|a UMI
|c UMI
|d UtOrBLW
|
| 042 |
|
|
|a pcc
|
| 043 |
|
|
|a n-us---
|
| 074 |
|
|
|a 1010-A
|
| 086 |
0 |
|
|a Y 4.AG 8/1:111-14
|
| 088 |
|
|
|a Serial no. 111-14 (United States. Congress. House. Committee on Agriculture)
|
| 110 |
1 |
|
|a United States.
|b Congress.
|b House.
|b Committee on Agriculture.
|b Subcommittee on Horticulture and Organic Agriculture.
|0 http://id.loc.gov/authorities/names/no2007148121
|
| 245 |
1 |
0 |
|a Hearing to review food safety standards for horticulture and organic agriculture :
|b hearing before the Subcommittee on Horticulture and Organic Agriculture of the Committee on Agriculture, House of Representatives, One Hundred Eleventh Congress, first session, May 14, 2009.
|
| 264 |
|
1 |
|a Washington :
|b U.S. G.P.O.,
|c 2009.
|
| 264 |
|
2 |
|a Washington :
|b For sale by the Supt. of Docs., U.S. G.P.O.
|
| 300 |
|
|
|a iii, 80 pages :
|b illustrations, map, digital, PDF file.
|
| 336 |
|
|
|a text
|b txt
|2 rdacontent
|
| 337 |
|
|
|a computer
|b c
|2 rdamedia
|
| 338 |
|
|
|a online resource
|b cr
|2 rdacarrier
|
| 500 |
|
|
|a Shipping list number: 2010-0006-P.
|
| 500 |
|
|
|a "Serial number 111-14."
|
| 500 |
|
|
|a Record is based on bibliographic data in ProQuest Congressional Hearings Digital Collection. Reuse except for individual research requires license from ProQuest, LLC.
|
| 500 |
|
|
|a Electronic resource.
|
| 533 |
|
|
|a Electronic reproduction.
|b [Bethesda, Md.] :
|c ProQuest,
|d 2010.
|e digital, PDF file.
|n ProQuest U.S. Congressional Hearings Digital Collection.
|n Mode of access: World Wide Web via ProQuest website.
|
| 538 |
|
|
|a System requirements: PDF reader software.
|
| 650 |
|
0 |
|a Horticulture
|x Safety regulations
|z United States.
|
| 650 |
|
0 |
|a Organic farming
|x Safety regulations
|z United States.
|
| 650 |
|
0 |
|a Food adulteration and inspection
|z United States.
|0 http://id.loc.gov/authorities/subjects/sh2008103970
|
| 776 |
0 |
8 |
|i Print version:
|a United States. Congress. House. Committee on Agriculture. Subcommittee on Horticulture and Organic Agriculture.
|t Hearing to review food safety standards for horticulture and organic agriculture
|w 9780160842214
|w 0160842212
|w (OCoLC)ocn457072393
|z 2009438750
|
| 776 |
0 |
8 |
|i Microfiche version:
|a United States. Congress. House. Committee on Agriculture. Subcommittee on Horticulture and Organic Agriculture.
|t Hearing to review food safety standards for horticulture and organic agriculture
|d [Bethesda, Md.] : ProQuest,[2010]
|o CIS 2010 H161-11
|w (ProQuest)cis01000011
|
| 856 |
4 |
0 |
|u http://proxy.library.tamu.edu/login?url=http://search.proquest.com/congcomp/getdoc?HEARING-ID=HRG-2009-HAG-0007
|y Electronic resource (PDF)
|t 0
|
| 998 |
|
|
|a cis01000011
|
| 999 |
f |
f |
|s 52ce8d8c-22b6-34d7-8872-f44c2202ae00
|i 6e5b108e-4cbc-3446-9342-ed6cf41e7ef9
|t 0
|
| 952 |
f |
f |
|a Texas A&M University
|b College Station
|c Electronic Resources
|d Available Online
|t 0
|e Y 4.AG 8/1:111-14
|h Superintendent of Documents classification
|
| 998 |
f |
f |
|a Y 4.AG 8/1:111-14
|t 0
|l Available Online
|